First Search for the EMC Effect and Nuclear Shadowing in Neutrino Nuclear Deep Inelastic Scattering at MINERvA (Запис № 451501)

МАРК-запис
000 -LEADER
fixed length control field 04301nam a22006135i 4500
001 - CONTROL NUMBER
control field 978-3-319-44841-1
003 - CONTROL NUMBER IDENTIFIER
control field DE-He213
005 - DATE AND TIME OF LATEST TRANSACTION
control field 20210118144341.0
007 - PHYSICAL DESCRIPTION FIXED FIELD--GENERAL INFORMATION
fixed length control field cr nn 008mamaa
008 - FIXED-LENGTH DATA ELEMENTS--GENERAL INFORMATION
fixed length control field 161021s2017 gw | s |||| 0|eng d
020 ## - INTERNATIONAL STANDARD BOOK NUMBER
International Standard Book Number 9783319448411
-- 978-3-319-44841-1
024 7# - OTHER STANDARD IDENTIFIER
Standard number or code 10.1007/978-3-319-44841-1
Source of number or code doi
050 #4 - LIBRARY OF CONGRESS CALL NUMBER
Classification number QC793-793.5
050 #4 - LIBRARY OF CONGRESS CALL NUMBER
Classification number QC174.45-174.52
072 #7 - SUBJECT CATEGORY CODE
Subject category code PHQ
Source bicssc
072 #7 - SUBJECT CATEGORY CODE
Subject category code SCI051000
Source bisacsh
072 #7 - SUBJECT CATEGORY CODE
Subject category code PHQ
Source thema
082 04 - DEWEY DECIMAL CLASSIFICATION NUMBER
Classification number 539.72
Edition number 23
100 1# - MAIN ENTRY--PERSONAL NAME
Personal name Mousseau, Joel Allen.
Relator term author.
Relator code aut
-- http://id.loc.gov/vocabulary/relators/aut
245 10 - TITLE STATEMENT
Title First Search for the EMC Effect and Nuclear Shadowing in Neutrino Nuclear Deep Inelastic Scattering at MINERvA
Medium [electronic resource] /
Statement of responsibility, etc by Joel Allen Mousseau.
250 ## - EDITION STATEMENT
Edition statement 1st ed. 2017.
264 #1 -
-- Cham :
-- Springer International Publishing :
-- Imprint: Springer,
-- 2017.
300 ## - PHYSICAL DESCRIPTION
Extent XVI, 147 p. 32 illus., 23 illus. in color.
Other physical details online resource.
336 ## -
-- text
-- txt
-- rdacontent
337 ## -
-- computer
-- c
-- rdamedia
338 ## -
-- online resource
-- cr
-- rdacarrier
347 ## -
-- text file
-- PDF
-- rda
490 1# - SERIES STATEMENT
Series statement Springer Theses, Recognizing Outstanding Ph.D. Research,
Міжнародний стандартний серійний номер для назви серії (ISSN) 2190-5053
505 0# - FORMATTED CONTENTS NOTE
Formatted contents note 1. Introduction -- 2. Theory -- 3. Event Simulation -- 4. Neutrino Beamline -- 5. The Minerva Detector and Simulation -- 6. Event Reconstruction -- 7. Overview of the Measurement -- 8. Event Selection and Efficiency -- 9. Backgrounds -- 10. Systematic Uncertainties -- 11. Reconstructed and Unfolded Event Yields -- 12. Efficiency Correction and Flux Division -- 13. Cross Section Results -- 14. Conclusions -- Appendix -- A. Sideband Pilots -- B. Non-dis Event Uncertainties (After Tuning) -- C. Plastic Background Subtraction -- D. Migration Matrices -- E. Event Yields (Reconstructed) -- F. Dis Event Yields (Unfolded Kinematics) -- G. Efficiency Plots. .
520 ## - SUMMARY, ETC.
Summary, etc This thesis details significant improvements in the understanding of the nuclear EMC effect and nuclear shadowing in neutrino physics, and makes substantial comparisons with electron scattering physics. Specifically, it includes a world's first systematic study of the EMC ratios of carbon, iron and lead to plastic scintillator of neutrinos. The analysis presented provides the best evidence to date that the EMC effect is similar between electrons and neutrinos within the sensitivity of the data. Nuclear shadowing is measured systematically for the first time with neutrinos. In contrast with the data on the EMC effect, the data on nuclear shadowing support the conclusion that nuclear shadowing may be stronger for neutrinos than it is for electrons. This conclusion points to interesting new nuclear physics.
506 ## - RESTRICTIONS ON ACCESS NOTE
Terms governing access Available to subscribing member institutions only. Доступно лише організаціям членам підписки.
506 ## - RESTRICTIONS ON ACCESS NOTE
Standardized terminology for access restriction Online access from local network of NaUOA.
506 ## - RESTRICTIONS ON ACCESS NOTE
Standardized terminology for access restriction Online access with authorization at https://link.springer.com/
506 ## - RESTRICTIONS ON ACCESS NOTE
Standardized terminology for access restriction Онлайн-доступ з локальної мережі НаУОА.
506 ## - RESTRICTIONS ON ACCESS NOTE
Standardized terminology for access restriction Онлайн доступ з авторизацією на https://link.springer.com/
650 #0 - SUBJECT ADDED ENTRY--TOPICAL TERM
Topical term or geographic name as entry element Elementary particles (Physics).
650 #0 - SUBJECT ADDED ENTRY--TOPICAL TERM
Topical term or geographic name as entry element Quantum field theory.
650 #0 - SUBJECT ADDED ENTRY--TOPICAL TERM
Topical term or geographic name as entry element Particle acceleration.
650 #0 - SUBJECT ADDED ENTRY--TOPICAL TERM
Topical term or geographic name as entry element Physics.
650 14 - SUBJECT ADDED ENTRY--TOPICAL TERM
Topical term or geographic name as entry element Elementary Particles, Quantum Field Theory.
-- http://scigraph.springernature.com/things/product-market-codes/P23029
650 24 - SUBJECT ADDED ENTRY--TOPICAL TERM
Topical term or geographic name as entry element Particle Acceleration and Detection, Beam Physics.
-- http://scigraph.springernature.com/things/product-market-codes/P23037
650 24 - SUBJECT ADDED ENTRY--TOPICAL TERM
Topical term or geographic name as entry element Mathematical Methods in Physics.
-- http://scigraph.springernature.com/things/product-market-codes/P19013
710 2# - ADDED ENTRY--CORPORATE NAME
Corporate name or jurisdiction name as entry element SpringerLink (Online service)
773 0# - HOST ITEM ENTRY
Title Springer eBooks
776 08 - ADDITIONAL PHYSICAL FORM ENTRY
Display text Printed edition:
International Standard Book Number 9783319448404
776 08 - ADDITIONAL PHYSICAL FORM ENTRY
Display text Printed edition:
International Standard Book Number 9783319448428
776 08 - ADDITIONAL PHYSICAL FORM ENTRY
Display text Printed edition:
International Standard Book Number 9783319831473
830 #0 - SERIES ADDED ENTRY--UNIFORM TITLE
Uniform title Springer Theses, Recognizing Outstanding Ph.D. Research,
-- 2190-5053
856 40 - ELECTRONIC LOCATION AND ACCESS
Uniform Resource Identifier <a href="https://doi.org/10.1007/978-3-319-44841-1">https://doi.org/10.1007/978-3-319-44841-1</a>
912 ## -
-- ZDB-2-PHA
942 ## - ADDED ENTRY ELEMENTS (KOHA)
Koha item type ЕКнига

Немає доступних примірників.